000 00529nam a22001817a 4500
003 CEME
005 20210628202150.0
008 210127b xxu||||| |||| 00| 0 eng d
020 _a0-07-33149-X
040 _c.
082 _a658.521 KHA
100 _aKhalil, Tarek.M,Tariq, M.Khalil,Tarek M.Khalil
_958553
245 _aManagement of technology,the key to competitiveness and wealth creation
260 _aBOSTON
_bMCGRAW HILL
_c2000
300 _aXXV,483P
650 _aTECHNOLOGY-MANAGEMENT.MOT
_958554
942 _cBK
_2ddc
999 _c568730
_d568730